-age Definitions Quiz Stats

 Plays Quiz Updated Apr 24, 2019

Score 0/15 Timer 03:00
0 Plays Today
% Correct
Beverage
95.4%
Language
95.2%
Encourage
94.8%
Camouflage
94.8%
Savage
93.7%
Advantage
93.3%
Age
93.1%
Micromanage
92.3%
% Correct
Percentage
91.6%
Découpage
89.7%
Fuselage
88.6%
Pillage
88.1%
Heritage
83.5%
Vintage
83.2%
Swage
80%

You're not logged in!

Compare scores with friends on all Sporcle quizzes.
OR
Log In

Sporcle TV

Today on Sporcle TV


Watch our educational content, quiz creation guides, and fun videos on Sporcle TV.

Show Comments

Extras

Top Quizzes Today


Score Distribution

Your Account Isn't Verified!

In order to create a playlist on Sporcle, you need to verify the email address you used during registration. Go to your Sporcle Settings to finish the process.

Report this User

Report this user for behavior that violates our Community Guidelines.

Details: